| 000 | 07348namaa22004091i 4500 | ||
|---|---|---|---|
| 003 | OSt | ||
| 005 | 20260506110554.0 | ||
| 008 | 250827s2025 ua a|||frm||| 000 0 eng d | ||
| 040 |
_aEG-GICUC _bara _cEG-GICUC _dEG-GICUC _erda |
||
| 041 | 0 |
_aara _bara _beng |
|
| 049 | _aإيداع | ||
| 082 | 0 | 4 | _a155.232 |
| 092 |
_a155.232 _221 |
||
| 097 | _aدكتوراه | ||
| 099 | _aCai01.02.11.Ph.D.2025.إس.د | ||
| 100 | 0 |
_a،إسراء محمد عادل حواش غلاب _eإعداد. |
|
| 245 | 1 | 0 |
_aدور الحساسية للقلق والاكتئاب والمعتقدات السلبية فى التنبؤ بالكرب النفسى لدى مريضات الوسواس القهرى / _cإعداد إسراء محمد عادل حواش غلاب؛ إشراف أ.د.محمد نجيب أحمد الصبوة. |
| 246 | 1 | 5 | _aThe role of anxiety sensitivity depression and negative beliefs in predicting psychological distress among female patients with obsessive compulsive disorder / |
| 264 | 0 | _c2025. | |
| 300 |
_a228 صفحة : _bإيضاحيات ؛ _c25 سم. + _eCD. |
||
| 336 |
_atext _2rda content |
||
| 337 |
_aUnmediated _2rdamedia |
||
| 338 |
_avolume _2rdacarrier |
||
| 502 | _aأطروحة (دكتوراه)-جامعة القاهرة، 2025. | ||
| 504 | _aببليوجرافيا: صفحات 209-226. | ||
| 520 | _aهدفت الدراسة الحالية إلى معرفة أحجام العلاقات الارتباطية بين كل من الحساسية للقلق ، والاكتئاب ، والمعتقدات السلبية ،و الكرب النفسى وبين بعضها بعضاً، وكذلك الوقوف على دلالة الفروق بين مريضات الوسواس القهرى والسويات فى متغيرات الدراسة وهى : الحساسية للقلق ، والاكتئاب ، والمعتقدات السلبية ،و الكرب النفسى، وتحديد مدى الإسهام الفردى والتفاعلى للحساسية للقلق ، والاكتئاب والمعتقدات السلبية فى التنبؤ بالكرب النفسى لدى مريضات الوسواس القهرى . وقد تكونت عينة الدراسة من (100) مشاركة ، وقد انقسمن إلى (50) مشاركة من المريضات متوسط أعمارهن 24,98سنة ، وبانحرف معيارى 4,15 سنة ، و(50) مشاركة من السويات متوسط أعمارهن 24,80 سنة، وبإنحراف معيارى 4,24 سنة، تراوحت أعمارهن بين (17 – 35) عاماً . وتم الاعتماد على بطارية استخبارات تضم : استخبار الحساسية للقلق ، واستخبار الاكتئاب ، واستخبار المعتقدا ت السلبية ، واستخبار الكرب النفسى بالإضافة إلى المقابلة المبدئية ، ومقياس المستوى الاقتصادى الاجتماعى . وخضعت هذه الدراسة للمنهج الوصفى الارتباطى الفارقى ، للإجابة عن تساؤلات الدراسة، وأشارت النتائج إلى وجود علاقات ارتباطية موجبة ذات دلالة إحصائية بين مكونات الحساسية للقلق، كل منها على حدة، وبين بعضها بعضاً، ووجود علاقات ارتباطية دالة بين المعتقدات السلبية جميعها، كل منها على حدة، وبين بعضها بعضاً، ووجود علاقات ارتباطية دالة وجوهرية بين مكونات الكرب النفسى ،كل منها على حدة ،وبين بعضها بعضا. ولم يرتبط متغير الاكتئاب بأى من الحساسية للقلق والكرب النفسى ولكن ارتبط بقوة بالمعتقدات السلبية لدى مريضات الوسواس القهرى والسويات . كما أوضحت أن الحساسية للقلق والمعتقدات السلبية تنبأت بالكرب النفسى لدى المريضات والسويات بإسهام دال إحصائيا. فى حين لم يوجد إسهام للاكتئاب فى التنبؤ بالكرب النفسى لدى المريضات والسويات أيضاً. وتبين وجود فروق دالة إحصائياً بين العينتين من المريضات والسويات فى متغيرات الدراسة جميعها فى اتجاه المريضات . | ||
| 520 | _aThe current study aimed to identify the sizes of correlations between each of Anxiety sensitivity, Depression, Negative beliefs, And Psychological distress, as well as to identify the significance of differences between OCD patients and normals in all study variables and to determine the extent of individual and interactive contribution of anxiety sensitivity , depression, and negative beliefs in predicting psychological distress in OCD patients. The study sample consisted of (100) participants, divided into (50) female patients with an average age of 24.98 years, with a standard deviation of 4.15 years, and (50) normal participants with an average age of 24.80 years, with a standard deviation of 4.24 years, and their ages ranged between (17-35) years.This study relied on a battery of questionnaires that included: anxiety sensitivity questionnaire, depression questionnaire, negative beliefs questionnaire, and psychological distress questionnaire, in addition to the initial interview and socio-economic level. This study was subjected to non-experimental (descriptive correlational) approach to answer study questions. The results indicated the existence of positive correlations with statistical significance between the components of anxiety sensitivity, each individually and with each other, and the existence of significant correlations between all negative beliefs, each individually and with each other, and the existence of significant and essential correlations between the components of psychological distress, each individually and with each other. The depression variable was not associated with any of the anxiety sensitivity and psychological distress, but was strongly associated with negative beliefs in obsessive-compulsive patients and normals. It also showed that anxiety sensitivity and negative beliefs predicted psychological distress in patients and normals with a statistically significant contribution. While depression did not contribute to predicting psychological distress in patients and normals as well. There were statistically significant differences between the two samples of patients and normals in all study variables | ||
| 530 | _aصدر أيضًا كقرص مدمج. | ||
| 546 | _aالنص بالعربية والملخص باللغة الإنجليزية والعربية. | ||
| 650 | 7 |
_aالاكتئاب النفسى _2qrmak _xعلم نفس |
|
| 653 | 0 |
_aحساسية للقلق _aاكتئاب _aمعتقدات سلبية |
|
| 700 | 0 |
_aمحمد نجيب أحمد الصبوة _eمشرف أطروحة. |
|
| 900 |
_b14-01-2025 _cمحمد نجيب أحمد الصبوة _dالطاهرة محمد المغربي _dشيماء شكري العزب _Uجامعة القاهرة _Fكلية الآداب _Dقسم علم النفس |
||
| 905 |
_aSara _eAfaf |
||
| 942 |
_2ddc _cTH _e21 _n0 |
||
| 999 | _c179854 | ||